000 00305nam a2200109 4500
008 160623b xxu||||| |||| 00| 0 eng d
100 _9760
_a Hollaway, I.N
245 _aWhen all the Bridges are Down
260 _aTennesse
_b Broadman Press
_c1975
300 _aWhen all the Bridges are Down
942 _2ddc
_cBK
999 _c611
_d611